000 00771nam a2200217 a 4500
001 000047007
005 20201002053300.0
008 091120s2015 dr a r 001 0 spa d
020 _z9789945595032
040 _aDO-SdBNP
_bspa
_cBNPHU
082 _axxxx
_bxxxx
100 1 _aJesús de la Rosa, María del
_929833
245 1 0 _aCaligrafía hispaniola 3 :
_btercer grado, primer ciclo educación primaria /
_cMaría del Jesús de la Rosa ; corrección de texto Danilda Pérez.
260 _aSanto Domingo :
_bActualidad escolar,
_c2015.
300 _av. :
_bil. ;
_c28 cm.
490 1 _aVeraz
590 _aInventariado, 2018/VM
700 1 _aPérez, Danilda
_ecorr.
_973778
710 2 _aActualidad escolar 2000, (República Dominicana)
_973571
830 0 _aVeraz
_974848
999 _c46495
_d46495